000 00469nam a2200181Ia 4500
005 20250326141526.0
008 250326s9999 xx 000 0 und d
037 _aTextbook
040 _aFMSL
_beng
_cFMSL
041 _aeng
_2eng
084 _qFMSL
100 _aSinger H W
245 0 _aJoint ventures and collaborations
_cSinger H W
260 _aNew Delhi
_bNew Delhi, Indus Pub. co.
_c1991
300 _a784p
942 _cTB
999 _c1290710
_d1290710